Introducción al estudio del ingreso nacional / (Record no. 7402)
[ view plain ]
| 000 -LEADER | |
|---|---|
| fixed length control field | 00921nam#a22002772u#4500 |
| 001 - CONTROL NUMBER | |
| control field | 01-AAA-8452 |
| 005 - DATE AND TIME OF LATEST TRANSACTION | |
| control field | 20251105111924.0 |
| 008 - FIXED-LENGTH DATA ELEMENTS--GENERAL INFORMATION | |
| fixed length control field | 951030t1973 ag 000|0 spa d |
| 035 ## - SYSTEM CONTROL NUMBER | |
| System control number | (Sirsi) 01-AAA-8452 |
| 035 ## - SYSTEM CONTROL NUMBER | |
| System control number | stmp01-AAA-8452 |
| 035 ## - SYSTEM CONTROL NUMBER | |
| System control number | UC8453 |
| 082 14 - DEWEY DECIMAL CLASSIFICATION NUMBER | |
| Edition number | 14 |
| Classification number | 330.01 |
| 100 1# - MAIN ENTRY--PERSONAL NAME | |
| Personal name | González, Norberto |
| 9 (RLIN) | 13864 |
| 245 10 - TITLE STATEMENT | |
| Title | Introducción al estudio del ingreso nacional / |
| Remainder of title | Norberto González y Roberto Tomasini |
| 250 ## - EDITION STATEMENT | |
| Edition statement | 16a ed. |
| 260 ## - PUBLICATION, DISTRIBUTION, ETC. (IMPRINT) | |
| Place of publication, distribution, etc | Buenos Aires : |
| Name of publisher, distributor, etc | EUDEBA, |
| Date of publication, distribution, etc | 1979 |
| 300 ## - PHYSICAL DESCRIPTION | |
| Extent | 44 p. |
| 440 ## - SERIES STATEMENT/ADDED ENTRY--TITLE | |
| 9 (RLIN) | 13866 |
| Title | Colección América |
| Name of part/section of a work | Cuadernos |
| 650 27 - SUBJECT ADDED ENTRY--TOPICAL TERM | |
| Topical term or geographic name as entry element | TEORIA ECONOMICA |
| Source of heading or term | unescot |
| 650 27 - SUBJECT ADDED ENTRY--TOPICAL TERM | |
| Topical term or geographic name as entry element | EDUCACIÓN SUPERIOR |
| Source of heading or term | unescot |
| 9 (RLIN) | 9683 |
| 700 1# - ADDED ENTRY--PERSONAL NAME | |
| Personal name | Tomasini, Roberto |
| 9 (RLIN) | 13865 |
| 942 ## - ADDED ENTRY ELEMENTS (KOHA) | |
| Source of classification or shelving scheme | Dewey Decimal Classification |
| Item type | Libro, folleto, traducción |
| 949 ## - LOCAL PROCESSING INFORMATION (OCLC) | |
| a | UCAR 01-AAA-8452 |
| w | ASIS |
| m | BC |
| x | CONVERSION |
| 980 ## - EQUIVALENCE OR CROSS-REFERENCE-SERIES STATEMENT--PERSONAL NAME/TITLE [LOCAL, CANADA] | |
| Linkage | 19226 |
| Personal name | Palazón Marcela |
| Field link and sequence number | 2 |
| Miscellaneous information | Virginia Figueroa |
| 990 ## - EQUIVALENCES OR CROSS-REFERENCES [LOCAL, CANADA] | |
| Link information for 9XX fields | Universidad Católica Argentina - Sistema de Bibliotecas |
| Withdrawn status | Lost status | Source of classification or shelving scheme | Damaged status | Not for loan | Home library | Current library | Date acquired | Full call number | Barcode | Date last seen | Price effective from | Koha item type |
|---|---|---|---|---|---|---|---|---|---|---|---|---|
| Dewey Decimal Classification | Consultar Disponibilidad | Biblioteca Central | DEPOSITO | 29/12/2021 | 330.01 GON | UNAJ21120343 | 29/12/2021 | 29/12/2021 | Libro, folleto, traducción |